00535nam a22001697a 450000500170000001000150001702000270003203500140005903700130007308200160008610000160010224500730011826000450019127000660023630000230030250000400032520181024144625.0 aENG-124355 a9780199480142c1095.00 aEN-107887 bDBAD/PUB a305.5130954 aVaid, Divya aUneven odds:cby Divya Vaidbsocial mobility in contemporary india / aNew DelhibOxford University Pressc2018 bNew Delhie110002a2/11 Ground Floor, Ansari Road, Daryaganj, axv,339pc21cm.(Hb) aIt includes bibliography and index